Venezuela's economic crisis : issues for congress /

Bibliographic Details
Main Author: Nelson, Rebecca M. (Author)
Format: Government Document Database
Language:English
Published: [Washington, D.C.] : Congressional Research Service, 2018-
Edition:[Library of Congress public edition].
Series:CRS report ; R45072.
Subjects:
Online Access:https://purl.fdlp.gov/GPO/gpo113597

MARC

Tag First Indicator Second Indicator Subfields
LEADER 00000cai a2200000 i 4500
001 in00004054921
005 20211120102119.0
006 m o d f
007 cr mn|||||||||
008 181220c20189999dcu x w obb f0 2eng c
010 |a  2018253005 
035 |a (OCoLC)on1079839733 
040 |a GPO  |b eng  |e rda  |e pn  |c GPO  |d MvI  |d UtOrBLW 
042 |a pcc 
043 |a s-ve---  |a n-us---  |a s-ag--- 
049 |a WWW 
074 |a 0807-A-07 (online) 
086 0 |a LC 14.23:R 45072/ 
100 1 |a Nelson, Rebecca M.,  |e author.  |0 http://id.loc.gov/authorities/names/no2010095073 
245 1 0 |a Venezuela's economic crisis :  |b issues for congress /  |c Rebecca M. Nelson. 
250 |a [Library of Congress public edition]. 
264 1 |a [Washington, D.C.] :  |b Congressional Research Service,  |c 2018- 
300 |a 1 online resource. 
310 |a Updated irregularly 
336 |a text  |b txt  |2 rdacontent 
337 |a computer  |b c  |2 rdamedia 
338 |a online resource  |b cr  |2 rdacarrier 
490 1 |a Report / Congressional Research Service ;  |v R45072 
500 |a The CRS report home page provides access to all versions published since 2018 in accordance with P.L. 115-141. 
504 |a Report includes bibliographical references. 
588 |a Description based on on contents viewed on December 20, 2018; title from CRS report home page. 
651 0 |a Venezuela  |x Politics and government  |y 21st century. 
650 0 |a Legitimacy of governments  |z Venezuela. 
651 0 |a Venezuela  |x Economic conditions.  |0 http://id.loc.gov/authorities/subjects/sh85142653 
651 0 |a United States  |x Foreign economic relations  |z Argentina. 
651 0 |a Argentina  |x Foreign economic relations  |z United States. 
710 2 |a Library of Congress.  |b Congressional Research Service,  |e issuing body.  |0 http://id.loc.gov/authorities/names/n79061321 
773 0 8 |i Contained in (work):  |t CRS reports (Library of Congress. Congressional Research Service)  |w (DLC) 2018231131  |w (OCoLC)1052784408 
830 0 |a CRS report ;  |v R45072.  |0 http://id.loc.gov/authorities/names/no2018108464 
856 4 0 |u https://purl.fdlp.gov/GPO/gpo113597  |t 0 
999 f f |s b029845f-c154-347e-af9c-30192a60778c  |i e749e6c8-132e-3d5e-8f5e-a218129ceba0  |t 0 
952 f f |a Texas A&M University  |b College Station  |c Electronic Resources  |d Available Online  |t 0  |e LC 14.23:R 45072/  |h Superintendent of Documents classification 
998 f f |a LC 14.23:R 45072/  |t 0  |l Available Online